000 00872cam a2200277 a 4500
001 3248
005 20250321084444.0
020 _a9780545491464
040 _aDLC
_cDLC
_dDLC
_beng
050 0 0 _aPZ7.G77524
_b 2010
082 0 0 _a813.54
100 1 _aGraves, Keith
245 0 _aChicken Big /
_cby Grave, Keith
250 _aFirst Scholastic printing , September 2012
260 _aNew York :
_bScholastic ,
_c2010
300 _a39 unnumbered pages :
_bcolor illustrations ;
_c29 cm.
505 _aN
520 _aA giant chicken hatches from an enormous egg, but the other chickens cannot accept that he is one of them.
521 _a570
_bLexile
521 _aN
_bRaz-Plus
650 1 _aChickens
_vFiction.
650 1 _aSize
_vFiction
650 1 _aHumorous stories
906 _a7
_bcbc
_corignew
_d1
_eecip
_f20
_gy-gencatlg
942 _2ddc
_cBK
_n0
999 _c3248
_d3248